| 000 | 00396nam a2200157Ia 4500 | ||
|---|---|---|---|
| 008 | 230312s9999||||xx |||||||||||||| ||und|| | ||
| 020 | _a81-312-0328-X | ||
| 082 |
_a621.3815 _bSIM-D |
||
| 100 | _aSmith,Steven.W | ||
| 245 | 0 | _aDigital Signal Processing | |
| 260 |
_bElsevier _aIndia _c2006 |
||
| 300 | _a650 | ||
| 546 | _aEng. | ||
| 650 |
_aEngineering _vDigital Filters,Application |
||
| 942 | _cBK | ||
| 999 |
_c1637 _d1637 |
||